Sapeva di acqua piovana con una traccia di sale
সংরক্ষণ করুন:
| প্রধান লেখক: | |
|---|---|
| বিন্যাস: | গ্রন্থ |
| ভাষা: | অজানা বা ভুল ভাষা |
| প্রকাশিত: |
Forl
Zoe
1997
|
| ট্যাগগুলো: |
কোনো ট্যাগ নেই, প্রথমজন হিসাবে ট্যাগ করুন!
|
MARC
| LEADER | 00000nam a2200000Ia 4500 | ||
|---|---|---|---|
| 001 | 33 | ||
| 003 | NUMERAZIONE-ORIGINALE-BRESCIA | ||
| 005 | 20260206230747.0 | ||
| 008 | 260206s9999 xx 000 0 und d | ||
| 100 | |a Miller Isabel | ||
| 245 | 0 | |a Sapeva di acqua piovana con una traccia di sale | |
| 260 | |a Forl | ||
| 260 | |b Zoe | ||
| 260 | |c 1997 | ||
| 942 | |2 ddc |c BK |n 0 | ||
| 952 | |0 0 |1 0 |2 ddc |4 0 |6 11 |7 0 |9 28211 |a BS |b BS |d 2026-02-06 |i 33 |l 0 |o 1-1-* |r 2026-02-06 22:40:30 |w 2026-02-06 |x [REVISIONARE] |y BK | ||
| 999 | |c 23915 |d 23915 | ||